| 000 | 00356nam a2200145Ia 4500 | ||
|---|---|---|---|
| 008 | 230917s9999||||xx |||||||||||||| ||und|| | ||
| 040 |
_e145272 _aMAIN |
||
| 041 | _aEnglish | ||
| 082 | _a320.9171242 A81C | ||
| 100 | _aChand, Attar | ||
| 245 | 0 | _aCommonwealth nations: Past and prensent | |
| 260 |
_aDelhi _bV D H _c1984 |
||
| 300 | _a278 p. | ||
| 942 | _cBK | ||
| 999 |
_c42672 _d42672 |
||